000 00693nam a2200205Ia 4500
999 _c53747
_d53747
003 GCL
005 20240530105201.0
008 140319s9999 xx 000 0 ara d
040 _aGCL /
_cGCL
082 0 4 _a575.1
_bك ت
100 1 _aكيفلس ، دانييل ج.
245 1 2 _aالتاريخ العاصف لعلم وراثة الانسان /
_cتاليف دانييل ج . كيفلس ؛ ترجمة احمد مستجير
260 _a[S.N] :
_bالمكتبة الاكاديمية ،
_c1993
300 _a382
650 0 4 _aالوراثة
650 0 4 _aالتاريخ
650 0 4 _aالتاريخ الطبيعى
700 0 _aاحمد مستجير
_eمترجم
942 _2ddc
_cBK